Statistiken für Flaggen von Ländern, die mit B beginnen

Klicken Sie hier um das Quiz zu spielen!

Allgemein

  • Dieses Quiz wurde 286 mal gespielt
  • Das Durchschnittsergebnis liegt bei 14 aus 16

Antwortstatistiken

Antwort% Korrekt
Brasilien
100%
Belgien
97%
Bulgarien
94%
Bosnien und Herzegowina
93%
Bangladesch
92%
Belarus
92%
Bhutan
91%
Bahrain
89%
Brunei
87%
Barbados
86%
Belize
77%
Bolivien
77%
Burkina Faso
76%
Bahamas
75%
Botswana
75%
Burundi
72%

Verteilung der Resultate

Perzentil nach korrekt beantworteten Fragen

Anzahl Personen mit jedem Resultat

Ihre Resultats-Entwicklung

Sie haben dieses Quiz noch nicht gespielt